Социально-экономическая статистика: учебник

Bibliografiske detaljer
Andre forfattere: Головач А. В. Анатолий Варфоломеевич (редактор)
Sprog:russisk
Udgivet: Киев, Выща школа, 1991
Fag:
Format: Bog
KOHA link:https://koha.lib.tpu.ru/cgi-bin/koha/opac-detail.pl?biblionumber=139684

MARC

LEADER 00000nam0a2200000 4500
001 139684
005 20231031141829.0
010 |a 5110024901 
020 |a RU  |b 91-40683 
035 |a (RuTPU)RU\TPU\book\151318 
090 |a 139684 
100 |a 20080610d1991 m a0rusy5003 ca 
101 0 |a rus 
102 |a UA 
105 |a a j 001zy 
200 1 |a Социально-экономическая статистика  |e учебник  |f под ред. А. В. Головача 
210 |a Киев  |c Выща школа  |d 1991 
215 |a 398 с.  |c ил. 
320 |a Предм. указ.: с. 389-392. 
610 1 |a социально-экономическая статистика 
610 1 |a учебники 
610 1 |a статистика 
686 |a У05я73  |2 rubbk 
702 1 |a Головач  |b А. В.  |g Анатолий Варфоломеевич  |4 340 
801 0 |a RU  |b RuMRKP  |c 19950417  |g psbo 
801 1 |a RU  |b 63413507  |c 20080610  |g PSBO 
801 2 |a RU  |b 63413507  |c 20090212  |g PSBO 
942 |c BK